Dessins Animés par GIFS #3 - Statistiques

Statistiques générales
  • Ce quiz a été pris 415 fois
  • Le résultat moyen est 19 sur 30
Statistiques - réponses
Hint Réponse % Correct
Dora l'exploratrice
94%
La Panthère rose
94%
Totally Spies!
94%
Yakari
94%
Les Nouvelles Aventures de Lucky Luke
93%
Babar
92%
Galactik Football
92%
Spider-Man, l'homme araignée
90%
Les Supers Nanas
89%
Kim Possible
86%
Yu-Gi-Oh
84%
Il était une fois… la Vie
79%
Extrême Ghostbusters
72%
Marcelino
68%
Mona le Vampire
65%
Minus et Cortex
64%
Albator 78
60%
Les Fous du volant
51%
Il était une fois… les explorateurs
44%
Funky Cops
42%
Ranma ½
42%
Il était une fois… les découvreurs
41%
X-Men: Evolution
38%
Les Minipouss
36%
Lady Oscar
34%
Goldorak
32%
Il était une fois… l'Homme
28%
Rocket Power
28%
Pepper Ann
24%
Lamu
23%
Aucun quiz correspondant
Distribution des résultats
% des personnes avec chaque résultat
Percentile par nombre de réponses
Votre historique - résultats
Vous n’avez pas pris ce quiz